Hľadanie racionálnych riešení

Príspevky z medzinárodného seminára na tému Vybrané problémy reformy verejnej správy. Príspevky účastníkov zo Švajčiarska. Kantonálne usporiadanie krajiny. Charakteristika švajčiarskeho právneho systému. Uplatňovanie daňovej sústavy vo Švajčiarsku. Hospodárenie obcí.

Na minha lista:
Detalhes bibliográficos
Autor principal: Vrábel, P.
Formato: Capítulo de Livro
Idioma:eslovaco
Assuntos:
Tags: Adicionar Tag
Sem tags, seja o primeiro a adicionar uma tag!

MARC

LEADER 00000naa a2200000 4500
001 r017993
005 20221213101323.0
041 0 |a slo 
044 |a SK 
245 1 0 |a Hľadanie racionálnych riešení  |c P. Vrábel 
520 |a Príspevky z medzinárodného seminára na tému Vybrané problémy reformy verejnej správy. Príspevky účastníkov zo Švajčiarska. Kantonálne usporiadanie krajiny. Charakteristika švajčiarskeho právneho systému. Uplatňovanie daňovej sústavy vo Švajčiarsku. Hospodárenie obcí. 
610 2 0 |a semináre 
610 2 0 |a 1995 
610 2 0 |a Staré Hory 
610 2 0 |a systémy právne 
610 2 0 |a Švajčiarsko 
610 2 0 |a obce 
610 2 0 |a právomoc 
610 2 0 |a samospráva 
610 2 0 |a správa verejná 
100 1 |a Vrábel, P.